[Event "23rd OIBM 2019"]
[Site "Gmund am Tegernsee"]
[Date "2019.11.03"]
[Round "9.5"]
[White "Vetoshko, Volodymyr"]
[Black "Demchenko, Anton"]
[Result "1-0"]
[WhiteElo "2506"]
[BlackElo "2655"]
[Annotator "TA"]
[PlyCount "59"]
[EventDate "2019.10.17"]
[EventType "swiss"]
[EventCountry "GER"]
[SourceTitle "playchess.com"]
[Source "ChessBase"]
[SourceQuality "1"]

{[%evp 21,59,64,75,35,55,33,56,48,28,20,29,23,22,21,11,16,33,22,23,22,23,26,40,26,27,35,37,26,25,14,25,12,34,0,311,331,316,304,353,346]} 1. d4 Nf6 2. c4 d6 3. Nc3 e5 4. Nf3 Nbd7 5. e4 g6 6. Be2 Bg7 7. O-O O-O 8. Be3 c6 9. d5 Ng4 10. Bg5 f6 11. Bd2 Qe7 12. Ne1 {E94: King's Indian: Classical: 6 Be2 e5 7 0-0: Various Black 7th moves} (12. Qc1 f5 13. b4 Ndf6 14. exf5 gxf5 15. dxc6 e4 16. cxb7 Bxb7 17. Nh4 e3 18. fxe3 Qe5 19. g3 Ne4 20. Nxe4 Bxe4 {1-0 (34) Fier,A (2595)-Kristiansen,J (2419) Cappelle-la-Grande 2014}) 12... Nh6 $1 13. Nd3 Nf7 $146 ({Predecessor:} 13... f5 14. dxc6 bxc6 15. c5 dxc5 16. Qa4 Rb8 17. Qxa7 c4 18. Nc1 Rxb2 19. Bxc4+ Kh8 {1-0 (36) Lalic,B (2420)-Zgadzaj,R (2133) Wroclaw 2019}) 14. b4 {White is slightly better.} f5 15. f3 Nf6 16. a4 cxd5 17. Nxd5 Nxd5 18. cxd5 Bd7 19. b5 Bf6 20. Be3 Ng5 21. Nf2 Nf7 22. Qb3 f4 23. Bd2 h5 24. Rfc1 Rfc8 25. a5 Rxc1+ 26. Rxc1 Rc8 27. a6 {[#] aiming for b6.} Rb8 $2 {[%mdl 8192]} (27... Rxc1+ $11 {and Black has nothing to worry.} 28. Bxc1 Qd8) 28. b6 $18 {[%cal Bb5b6,Bb6b7][%mdl 32]} bxa6 29. b7 ({Worse is} 29. bxa7 Rxb3 30. a8=Q+ Qd8 $11) 29... Qd8 {Black wants to play ...Bb5.} 30. Bxa6 {Accuracy: White = 42%, Black = 61%.} 1-0

[Event "23rd OIBM 2019"]
[Site "Gmund am Tegernsee"]
[Date "2019.11.03"]
[Round "9.6"]
[White "Sethuraman, S.P."]
[Black "Smith, Bryan"]
[Result "1-0"]
[WhiteElo "2624"]
[BlackElo "2430"]
[Annotator "TA"]
[PlyCount "91"]
[EventDate "2019.10.17"]
[EventType "swiss"]
[EventCountry "GER"]
[SourceTitle "playchess.com"]
[Source "ChessBase"]
[SourceQuality "1"]

{[%evp 13,91,25,43,17,19,6,37,38,39,33,57,45,44,37,29,45,44,30,37,43,95,83,81,58,99,95,110,75,66,59,43,36,44,36,52,59,48,75,61,40,73,37,28,9,13,0,0,0,56,50,106,86,96,108,120,123,176,150,235,92,150,137,142,138,277,241,290,291,291,245,227,222,317,301,812,805,922,355,555,365]} 1. e4 c5 2. Nf3 d6 3. d4 cxd4 4. Nxd4 Nf6 5. Nc3 Nc6 6. Bg5 e6 7. Qd2 a6 8. Nxc6 {B66: Sicilian: Richter-Rauzer: 7...a6 8 0-0-0 h6} (8. O-O-O Bd7 9. f3 Nxd4 10. Qxd4 h6 11. Bh4 Rc8 12. Kb1 Be7 13. g4 b5 14. Bg3 e5 15. Qe3 Qc7 16. Bd3 Be6 17. h4 Qa5 18. g5 {1-0 (60) Robson,R (2667)-Caruana,F (2828) chess.com INT 2019}) 8... bxc6 9. O-O-O Be7 (9... h6 $5 {[%cal Rh6g5]} 10. Bf4 d5 $14) 10. Bxf6 {White is slightly better.} gxf6 11. Bc4 Qa5 12. Bb3 Bb7 $146 ({Predecessor:} 12... Rg8 13. f4 Bd7 14. Kb1 Rb8 15. g3 Kd8 16. Rhe1 Kc7 17. Nd5+ {1-0 (17) Pozo Vinuesa,E (1518)-Evora Acosta,T Cotelec 2012}) 13. f4 O-O-O 14. f5 exf5 15. exf5 d5 16. Qh6 d4 (16... Qc7 $14) 17. Ne2 $16 Qe5 18. Ng3 Bf8 19. Qh5 c5 20. Rhe1 Qc7 {White must now prevent ...c4.} 21. Bc4 Bxg2 22. Bxa6+ Kb8 23. Bc4 Qf4+ 24. Kb1 Bf3 25. Qxf7 Bxd1 26. Rxd1 {Strongly threatening Rd3!} Qe5 $1 27. a3 {[%mdl 1024] White has strong compensation.} Rd6 {[%cal Bd8d6,Bd6b6,Bb6b7][%mdl 32]} 28. a4 Rb6 29. a5 $40 {[%mdl 128] Black needs to defend precisely.} Rb7 30. Qe6 Bd6 ({Black should play} 30... Re7 $1 $11 31. Qc6 Rc7 32. Qb6+ Rb7) 31. Ne4 $14 Qxe6 (31... Rd8 $1 $14) 32. fxe6 $16 Be7 33. Rf1 Kc7 34. Nxf6 Rf8 (34... Kd6 $16) 35. Nd5+ Kd6 {[#]} (35... Kb8 $16 36. Rf7 Bd6) 36. Rg1 (36. Rf7 $1 $18 {is the precise move to win.} Rxf7 37. exf7) 36... Rfb8 ({Better is} 36... Bd8) 37. b3 Ra7 38. Rg7 h5 (38... Rba8 $16) 39. a6 $18 ({Not} 39. Nxe7 Rxe7 40. Rg5 Rh7 $16) 39... Rba8 40. Rh7 ({Less strong is} 40. Nxe7 Rxe7 41. Rg5 h4 $16) 40... h4 41. Kb2 Bg5 42. Rh5 Rg7 (42... Be7 {keeps fighting.} 43. Nxe7 Rxe7 44. Rxh4 Rf8) 43. Nb6 Rag8 $2 {[#]} (43... Rb8 44. Nd7 Ra8) 44. e7 $1 {[%mdl 512]} Re8 (44... Kxe7 45. Bxg8) 45. a7 $2 (45. Bb5 Rexe7 46. Nc8+ Ke6 47. Rxg5 {[%mdl 64] Promotion}) 45... Bd2 (45... Rgxe7 {is a better defense.} 46. Bb5 Rd8) 46. Rd5+ {Accuracy: White = 68%, Black = 38%.} 1-0

[Event "23rd OIBM 2019"]
[Site "Gmund am Tegernsee"]
[Date "2019.11.03"]
[Round "9.7"]
[White "Gareyev, Timur"]
[Black "Loiseau, Quentin"]
[Result "1-0"]
[WhiteElo "2591"]
[BlackElo "2471"]
[Annotator "TA"]
[PlyCount "53"]
[EventDate "2019.10.17"]
[EventType "swiss"]
[EventCountry "GER"]
[SourceTitle "playchess.com"]
[Source "ChessBase"]
[SourceQuality "1"]

{[%evp 12,53,25,32,25,28,30,18,31,29,45,43,89,83,82,71,91,85,75,80,75,71,72,78,75,54,92,25,87,77,111,89,87,77,201,158,154,155,696,701,700,671,29992,29993]} 1. d4 Nf6 2. c4 e6 3. Nc3 d5 4. cxd5 exd5 5. Bg5 c6 6. Qc2 Na6 {[%cal Bb8a6,Ba6c7,Bc7b5][%mdl 32]} 7. e3 Nc7 {D36: Queen's Gambit Declined: Exchange Variation: Main line (5 Bg5 c6 6 Qc2)} 8. Bd3 Be7 9. Nge2 a6 $146 {The position is equal.} ({Predecessor:} 9... g6 10. h3 Ne6 11. Bh4 Nh5 12. Bxe7 Qxe7 13. O-O-O Nc7 14. Kb1 Bd7 15. Nc1 {½-½ (65) Bruzon Batista,L (2669)-Wang,C (2521) Danzhou 2015}) 10. h3 Nb5 11. O-O Nd6 12. f3 h6 13. Bh4 O-O 14. e4 dxe4 15. fxe4 {[#] Threatens to win with e5.} Nd5 {aiming for ...Nxc3.} 16. Bxe7 ({Don't play} 16. exd5 Bxh4 17. dxc6 bxc6 $11) 16... Nxe7 17. a4 Be6 18. b3 Qb6 19. a5 (19. e5 $16 Ne8 20. Ne4) 19... Qa7 (19... Qd8 $11 {keeps the balance.}) 20. Na4 $16 Nb5 21. Bxb5 axb5 22. Nc5 $36 {[%mdl 2048] Black is under strong pressure.} Rfd8 (22... Qb8 $16) 23. Qc3 Ng6 24. Ng3 ({But not} 24. Nxe6 $6 fxe6 25. Qg3 (25. Qf3 e5 $11) 25... Kh7 $14) 24... Nf8 $2 (24... b6 $16 25. Nxe6 {[%mdl 64] Discovered Attack} fxe6) 25. Nh5 $18 b4 {[#]} 26. Qg3 $1 {[%csl Gh5][%cal Rg3g7][%mdl 512]} g5 27. Qe5 {Accuracy: White = 76%, Black = 32%.} 1-0

[Event "23rd OIBM 2019"]
[Site "Gmund am Tegernsee"]
[Date "2019.11.03"]
[Round "9.8"]
[White "Krzyzanowski, Marcin"]
[Black "Santos Latasa, Jaime"]
[Result "1/2-1/2"]
[WhiteElo "2500"]
[BlackElo "2580"]
[Annotator "TA"]
[PlyCount "36"]
[EventDate "2019.10.17"]
[EventType "swiss"]
[EventCountry "GER"]
[SourceTitle "playchess.com"]
[Source "ChessBase"]
[SourceQuality "1"]

{[%evp 13,36,50,35,0,0,2,0,0,15,14,12,14,13,12,13,0,0,0,0,0,0,0,0,0,6]} 1. e4 e5 2. Nf3 Nc6 3. Bb5 a6 4. Ba4 Nf6 5. O-O Bc5 6. c3 O-O 7. d4 Ba7 8. Nxe5 {C78: Ruy Lopez: Archangelsk and Möller Defences} (8. Bg5 h6 9. Bh4 exd4 10. Re1 d6 11. Nxd4 Ne5 12. h3 b5 13. Bc2 Bb7 14. Nd2 Re8 15. f4 Ng6 {½-½ (43) Fedoseev,V (2671)-Vitiugov,N (2728) Izhevsk 2019}) 8... Nxe5 {The position is equal.} 9. dxe5 Nxe4 10. Qf3 $146 ({Predecessor:} 10. Bc2 d5 11. exd6 Nxd6 12. Qh5 g6 13. Qf3 Bf5 14. Bxf5 Nxf5 15. Qxb7 {1-0 (49) Dominguez Coig,A (1564)-Anton Ortiz,J (1252) Colmenarejo 2018}) 10... Qh4 11. Bb3 d6 12. Be3 Bxe3 13. Qxe3 {[#] Threatens to win with g3.} Bf5 ({But not} 13... dxe5 $2 14. g3 $18) 14. Bc2 {Black must now prevent f3.} dxe5 15. Re1 {Hoping for g3.} Nd6 16. Bxf5 Nxf5 17. Qxe5 {[%mdl 64] [#] Double Attack} Nd6 18. Nd2 Rae8 1/2-1/2

[Event "23rd OIBM 2019"]
[Site "Gmund am Tegernsee"]
[Date "2019.11.03"]
[Round "9.9"]
[White "Chanda, Sandipan"]
[Black "Atakisi, Umut"]
[Result "1-0"]
[WhiteElo "2529"]
[BlackElo "2393"]
[Annotator "TA"]
[PlyCount "59"]
[EventDate "2019.10.17"]
[EventType "swiss"]
[EventCountry "GER"]
[SourceTitle "playchess.com"]
[Source "ChessBase"]
[SourceQuality "1"]

{[%evp 13,59,6,0,0,0,-8,10,8,9,0,0,-6,0,0,0,-7,15,-20,-21,-27,-15,-9,77,-20,-56,-55,-56,-43,-59,-57,256,240,970,950,1442,1368,1901,1827,1865,1503,29984,29985,29985,1025,29986,29987,29987,29988]} 1. d4 d5 2. Nf3 Nf6 3. Bf4 c5 4. e3 Nc6 5. Nbd2 e6 6. c3 Bd6 7. Bg3 O-O 8. Bb5 {D02: 1 d4 d5 2 Nf3 sidelines, including 2...Nf6 3 g3 and 2...Nf6 3 Bf4} Be7 9. Qe2 Qb6 10. dxc5 {The position is equal.} Bxc5 11. b4 Be7 12. Bd3 Nh5 $146 ({Predecessor:} 12... a5 13. b5 Nb8 14. O-O Nbd7 15. c4 Nc5 16. cxd5 exd5 {½-½ (42) Djurhuus,R (2402)-Urkedal,F (2557) Tromsoe 2016}) 13. b5 Na5 14. Be5 Bf6 15. g4 Bxe5 16. Nxe5 Qc7 17. f4 $1 $36 {[%mdl 2048] White is more active.} f6 (17... Qxc3 $6 18. O-O $16) (17... Nf6 $1 $11 {remains equal.}) 18. Ng6 ({White should play} 18. Bxh7+ $16 Kxh7 19. Qd3+ Kg8 20. Ng6) 18... hxg6 $11 (18... Qxc3 19. O-O $14) 19. gxh5 g5 $1 (19... Qxc3 20. O-O $14) 20. h6 gxh6 ({But not} 20... Qxc3 21. O-O $11) 21. h4 {Hoping for hxg5.} e5 $2 {[%mdl 8192]} (21... Qxc3 $15 22. O-O gxf4) 22. hxg5 $18 e4 $2 ({Don't go for} 22... fxg5 $2 23. Rxh6 Qxc3 {[#]} 24. Qh5 $3 $18 {[%mdl 512]}) (22... Qxc3 23. Qg2 fxg5 24. Rxh6 (24. Qxd5+ Kg7 $14) 24... Qxa1+ {[%mdl 64] Double Attack} 25. Kf2 e4 {[%mdl 64] Decoy}) 23. Rxh6 Qg7 24. Qh5 Bf5 25. Kf2 fxg5 26. Rh1 {Threatens to win with Rh8+.} exd3 27. Rh8+ Qxh8 28. Qxh8+ Kf7 {[#]} 29. Qe5 $1 {[%mdl 64] Double Attack} Kg6 30. Qe7 {Accuracy: White = 73%, Black = 36%.} 1-0

[Event "23rd OIBM 2019"]
[Site "Gmund am Tegernsee"]
[Date "2019.11.03"]
[Round "9.10"]
[White "Prusikin, Michael"]
[Black "Manu David Suthandram R"]
[Result "1-0"]
[WhiteElo "2521"]
[BlackElo "2403"]
[Annotator "TA"]
[PlyCount "135"]
[EventDate "2019.10.17"]
[EventType "swiss"]
[EventCountry "GER"]
[SourceTitle "playchess.com"]
[Source "ChessBase"]
[SourceQuality "1"]

{[%evp 13,135,14,20,19,24,22,57,37,63,52,89,70,83,83,104,122,140,143,128,68,69,43,81,79,79,63,61,79,91,92,131,100,268,143,151,91,133,134,145,136,145,134,209,171,216,210,218,230,242,235,248,205,202,174,226,206,261,258,247,227,300,300,285,296,383,367,393,395,359,210,366,369,346,215,219,232,265,227,265,265,265,208,206,174,682,682,1445,1434,1067,1334,714,668,29961,29955,29959,29961,29957,29963,29955,29962,29966,29967,29969,29969,29969,29970,29973,29974,29974,29975,29975,29977,29978,29979,29980,29981,29978,29980,29982,29983,29983,29984,29983,29979]} 1. e4 c5 2. Nf3 Nc6 3. Bb5 e6 4. O-O Nge7 5. Re1 a6 6. Bf1 Ng6 7. c3 Be7 8. d4 {B30: Sicilian: 2...Nc6 3 Bb5, lines without ...g6} cxd4 9. cxd4 d6 (9... d5 10. e5 O-O 11. Nc3 Nh4 12. Nxh4 Bxh4 13. Be3 Bd7 14. Rc1 b5 15. Ne2 f5 16. exf6 Qxf6 17. g3 Bg5 18. Bxg5 Qxg5 {½-½ (31) Ni,H (2646)-Wang,H (2737) China 2013}) 10. Nc3 {White is slightly better.} O-O 11. g3 e5 $146 ({Predecessor:} 11... b5 12. h4 b4 13. Ne2 Re8 14. h5 Nf8 15. Bg2 g6 16. hxg6 fxg6 {0-1 (57) Karadarevic,S (1817)-Kalinic,D (1995) Belgrade 2007}) 12. d5 Nb8 13. Nd2 b5 14. b4 f5 15. exf5 Bxf5 16. Nde4 ({White should play} 16. a4 $16) 16... Nd7 $14 17. a4 bxa4 18. Qxa4 Kh8 19. Bd2 Nf6 20. Bg2 Nxe4 21. Nxe4 Qb6 22. Qc6 Qa7 $2 {[#]} (22... Qxc6 $16 23. dxc6 d5) 23. Be3 (23. Nxd6 Bd7 $17) ({White has to play} 23. b5 $1 $18) 23... Qb8 $16 24. Qb6 (24. Rec1 $142) 24... Qxb6 25. Bxb6 Rfb8 26. Bc7 $36 {[%mdl 2048] White is on the roll.} Bxe4 27. Rxe4 Rb7 (27... Rc8 $16 {might work better.}) 28. Rc4 e4 {[#]} 29. Ba5 $1 ({Much less strong is} 29. Bxe4 $6 Ne5 $16) 29... e3 30. f4 Bf6 31. Re1 Re8 32. Bh3 Nf8 33. Kg2 Rb5 (33... g5 {keeps fighting.} 34. Rc8 Rxc8 35. Bxc8 Rb5 36. Bxa6 (36. Rxe3 gxf4 37. Rf3 Ng6 $16) 36... Rxd5) 34. Kf3 $18 Rxd5 35. Rxe3 Rxe3+ 36. Kxe3 {Threatens to win with Rc8!} g6 37. Rc8 {Strongly threatening Be6.} Kg7 38. Rc7+ Kg8 39. Bf1 {Black must now prevent Bc4.} Rd1 40. Bxa6 d5 41. Rc2 (41. Bb7 $142) 41... Bd4+ $2 (41... Ne6 42. Bb7 Kf8) 42. Ke2 Rh1 43. Kd3 Rd1+ 44. Rd2 Rxd2+ 45. Kxd2 {[%mdl 4096] Endgame KBB-KBN} Kf7 46. Bc8 Ke7 47. Bc7 Bg1 48. h3 h5 $2 (48... Ne6) 49. b5 Nd7 50. Bxd7 Kxd7 {KB-KB} 51. Be5 Bh2 52. g4 hxg4 53. hxg4 {White mates.} g5 54. Ke3 Bg1+ 55. Kf3 Ke6 56. Bb2 gxf4 57. Kxf4 Bh2+ 58. Ke3 Bg1+ 59. Kd3 Ba7 60. Bd4 Bb8 61. Kc3 Kf7 62. Kb4 Bf4 63. Kc5 Kg6 64. Kxd5 Kg5 65. b6 {[%cal Bb5b6,Bb6b7][%mdl 32]} Kxg4 66. Be5 Be3 67. b7 Ba7 68. Ke6 {Accuracy: White = 65%, Black = 37%.} 1-0

[Event "23rd OIBM 2019"]
[Site "Gmund am Tegernsee"]
[Date "2019.11.03"]
[Round "9.11"]
[White "Bellia, Fabrizio"]
[Black "Gukesh D"]
[Result "1/2-1/2"]
[WhiteElo "2433"]
[BlackElo "2520"]
[Annotator "TA"]
[PlyCount "62"]
[EventDate "2019.10.17"]
[EventType "swiss"]
[EventCountry "GER"]
[SourceTitle "playchess.com"]
[Source "ChessBase"]
[SourceQuality "1"]

{[%evp 14,62,0,0,8,0,0,-18,-12,-25,-9,-17,-10,-4,-10,-61,-58,-62,-54,-61,-68,-75,-36,-70,-74,-83,-82,-85,-73,-129,0,-73,-34,-43,-27,-31,-12,-18,0,-32,-45,-47,-25,-41,-19,-36,-21,-33,0,0,0]} 1. e4 c5 2. Nf3 Nc6 3. Bb5 g6 4. O-O Bg7 5. c3 e5 6. d3 Nge7 7. Re1 O-O 8. Nbd2 d6 {B31: Sicilian: 2...Nc6 3 Bb5 g6} 9. h3 (9. Nf1 h6 10. a3 a6 11. Ba4 b5 12. Bc2 d5 13. Ng3 d4 14. cxd4 cxd4 15. Bb3 Qd6 16. Bd2 {½-½ (75) Kuzubov,Y (2630)-Popov,V (2550) St Petersburg 2011}) 9... h6 10. Nf1 Be6 11. a3 $146 ({Predecessor:} 11. Ng3 Kh7 12. Qe2 a6 13. Ba4 b5 14. Bc2 b4 15. Bd2 a5 16. Ba4 {0-1 (40) Mann,K (2108)-Schenk,M (2172) Dresden 2004}) 11... a6 12. Bc4 d5 13. exd5 Nxd5 14. a4 (14. Ne3 $11) 14... Qc7 $15 15. Bd2 Rad8 16. Qc2 Rfe8 17. a5 f5 18. Qa4 Kh7 19. Qa3 Qd6 20. Rad1 Bf8 21. Ra1 (21. Qa2 $142) 21... Bg7 ({Black should try} 21... Nf6 22. Qa4 Bxc4 23. Qxc4 Bg7) 22. Rad1 $1 $17 Nc7 23. Be3 $1 Bf8 24. N3d2 Bxc4 25. Nxc4 Qd5 26. Nb6 Qf7 27. Qa4 Nd5 28. Nc4 Rd7 29. Bc1 Bg7 30. Nh2 Red8 31. Nf3 {[%cal Rc4e5]} Re8 {Accuracy: White = 46%, Black = 59%.} 1/2-1/2

[Event "23rd OIBM 2019"]
[Site "Gmund am Tegernsee"]
[Date "2019.11.03"]
[Round "9.12"]
[White "Ehrke, Michael"]
[Black "Engel, Luis"]
[Result "0-1"]
[WhiteElo "2222"]
[BlackElo "2507"]
[Annotator "TA"]
[PlyCount "62"]
[EventDate "2019.10.17"]
[EventType "swiss"]
[EventCountry "GER"]
[SourceTitle "playchess.com"]
[Source "ChessBase"]
[SourceQuality "1"]

{[%evp 15,62,-6,0,-9,-16,-8,-2,0,0,0,0,-2,-6,-25,-27,-24,-20,-29,-22,-38,-27,-56,-20,-27,-14,-20,12,-12,-8,0,0,0,0,0,0,0,0,0,0,-25,-43,-29991,-29992,-29992,-29993,-29993,-29994,-29994,-29995]} 1. d4 Nf6 2. Nf3 d5 3. Bf4 c5 4. e3 e6 5. c3 Bd6 6. Bg3 O-O 7. Nbd2 Qc7 8. Bd3 Nbd7 9. O-O {D02: 1 d4 d5 2 Nf3 sidelines, including 2...Nf6 3 g3 and 2...Nf6 3 Bf4} (9. Qe2 e5 10. dxe5 Nxe5 11. Nxe5 Bxe5 12. Bh4 Bg4 13. Nf3 Ne4 14. h3 Be6 15. Nxe5 Qxe5 16. f4 Qc7 {0-1 (33) Abasov,N (2632)-Dominguez Perez,L (2763) Khanty-Mansiysk 2019}) 9... Bxg3 10. hxg3 e5 {[#] Threatens to win with ...e4.} 11. e4 {The position is equal.} exd4 12. cxd4 c4 13. Bc2 dxe4 14. Nxe4 Nxe4 15. Bxe4 Nf6 16. Re1 $146 ({Predecessor:} 16. Bc2 b5 {0-1 (36) Rozic,V (2278)-Repkova,E (2423) Sibenik 2011}) 16... Re8 17. Bc2 Bg4 18. Qd2 Bxf3 19. gxf3 g6 20. Kg2 Qd6 21. Be4 Re7 22. Rac1 Rae8 23. Rxc4 Nxe4 24. Rxe4 Rxe4 25. fxe4 Rxe4 $11 {[%mdl 4096] Endgame KQR-KQR} 26. f3 Re5 27. Kf2 Rh5 {White must now prevent ...Rh2+.} 28. Qc3 $2 {[%mdl 8192] [#]} (28. Kg2 $15) 28... Rh2+ {Black mates.} 29. Kf1 Qxg3 {[%csl Gh2][%cal Rg3f2]} 30. Rc8+ Kg7 {[%csl Gh2][%cal Rg3f2]} 31. d5+ Kh6 {Accuracy: White = 29%, Black = 78%.} 0-1

[Event "23rd OIBM 2019"]
[Site "Gmund am Tegernsee"]
[Date "2019.11.03"]
[Round "9.13"]
[White "Asadli, Vugar"]
[Black "Weber, Ulrich"]
[Result "1-0"]
[WhiteElo "2513"]
[BlackElo "2360"]
[Annotator "TA"]
[PlyCount "66"]
[EventDate "2019.10.17"]
[EventType "swiss"]
[EventCountry "GER"]
[SourceTitle "playchess.com"]
[Source "ChessBase"]
[SourceQuality "1"]

{[%evp 9,66,31,29,38,63,53,54,54,61,51,44,63,75,62,62,52,60,58,82,68,81,81,82,83,84,97,115,111,99,61,84,33,59,56,75,64,71,76,138,156,166,155,485,485,445,184,236,241,712,701,798,768,752,752,1843,1269,1854,1784,29977]} 1. e4 c5 2. Ne2 d6 3. g3 Nc6 4. Bg2 g6 5. c3 Bg7 6. d4 {B20: Sicilian: Unusual White 2nd moves} Bg4 7. d5 Na5 8. Na3 $146 {White is slightly better.} ({Predecessor:} 8. h3 Bd7 9. O-O Nf6 10. Bf4 O-O 11. Nd2 e5 12. Be3 b5 13. b4 Nb7 14. bxc5 Nxc5 {1-0 (23) Li,R (2581)-Vigorito,D (2346) Las Vegas 2018}) 8... Rb8 9. h3 Bd7 10. Rb1 {Hoping for b4.} Qc7 11. O-O Nf6 12. Be3 $36 {[%mdl 2048] White has the initiative.} O-O 13. Qd2 Rfc8 14. Rfc1 b6 15. g4 h5 16. g5 Nh7 17. f4 e6 18. b4 Nb7 19. dxe6 Bxe6 20. Rf1 (20. bxc5 $16 dxc5 21. Nb5) 20... Qd7 $1 $14 21. h4 Bh3 22. f5 $1 Bxg2 23. Kxg2 Qc6 (23... Re8 $142) 24. Ng3 $16 cxb4 25. cxb4 {[#] And now Rbc1 would win.} Be5 $2 (25... Nf8 $16 {is tougher.} 26. f6 Bh8) 26. Rbc1 $18 Qe8 27. Qd5 (27. fxg6 $142 fxg6 28. Qd5+ Kh8 29. Nc4) 27... Rxc1 (27... Nf8 $142 28. Nb5 (28. Rxc8 Rxc8 29. fxg6 Nxg6 $16) 28... a6) 28. Bxc1 {Strongly threatening fxg6.} Kg7 $2 {[#]} (28... Nf8 29. Nc4 Bxg3) 29. Nc4 {White is clearly winning.} Nf8 30. fxg6 fxg6 31. Nxe5 Qxe5 32. Qf7+ Kh8 33. Rf2 Ra8 {Accuracy: White = 70%, Black = 31%.} 1-0

[Event "23rd OIBM 2019"]
[Site "Gmund am Tegernsee"]
[Date "2019.11.03"]
[Round "9.14"]
[White "Seifert, Volker"]
[Black "Shevchenko, Kirill"]
[Result "0-1"]
[WhiteElo "2300"]
[BlackElo "2542"]
[Annotator "TA"]
[PlyCount "58"]
[EventDate "2019.10.17"]
[EventType "swiss"]
[EventCountry "GER"]
[SourceTitle "playchess.com"]
[Source "ChessBase"]
[SourceQuality "1"]

{[%evp 15,80,14,18,-9,0,0,25,31,47,38,57,-28,-25,-13,-9,-14,-24,-28,16,-17,4,-44,-37,-37,-44,-57,-50,-157,-58,-133,-135,-185,-181,-174,-108,-103,-92,-731,-744,-702,-737,-704,-683,-829,-825,-831,684,-822,-822,-831,-825,-825,-820,-797,-797,-787,-714,-906,-878,-896,-944,-912,-903,-846,-840,-788,-724]} 1. d4 Nf6 2. c4 g6 3. Nc3 Bg7 4. e4 d6 5. f3 O-O 6. Be3 a6 7. Nge2 Nbd7 8. d5 Ne5 9. Ng3 {E83: King's Indian: Sämisch Panno (6...Nc6): Lines without either Nge2 or Qd2} h5 10. Be2 e6 $146 ({Predecessor:} 10... h4 11. Nf1 c6 12. Nd2 e6 13. dxc6 Nxc6 14. Nb3 d5 {½-½ (32) Rustemov,A (2575)-Korotylev,A (2470) Nizhnij Novgorod 1998}) 11. O-O {White has an edge.} exd5 12. cxd5 c6 13. a4 (13. Bg5 $14) 13... h4 14. Nh1 $1 cxd5 15. exd5 Re8 16. Qd2 Bf5 17. a5 Nfd7 18. Na4 Rc8 {Threatens to win with ...Rc2.} 19. Rac1 Rxc1 20. Rxc1 h3 $36 {[%mdl 2048] Black has good play.} 21. Ng3 (21. Bg5 $15 Bf6 22. Bxf6 Nxf6 23. Ng3) 21... hxg2 (21... Qh4 $1 $17 {[%cal Rh4a4]} 22. b3 hxg2 23. Kxg2 Qh3+ 24. Kg1 Bd3 $1 {[%mdl 512]}) 22. Nxf5 (22. Kxg2 $15 Qh4 23. b4) 22... gxf5 $17 23. Kxg2 {[#]} Ng6 $1 {[%cal Be5g6,Bg6h4,Bh4f3][%mdl 32] Strongly threatening ...Qe7.} 24. Bd1 Nde5 (24... Kh7 $19 {Hoping for ...Rxe3!} 25. Bg5 Bf6) 25. Nb6 Nh4+ 26. Kf2 $2 {[%mdl 8192] [#]} (26. Kh1 $17 Nexf3 27. Bxf3 Nxf3 28. Qf2) 26... Nhxf3 $1 $19 {[%mdl 576] Clearance} 27. Bxf3 Qh4+ {[%mdl 64] Double Attack} 28. Kg2 Nxf3 29. Kxf3 {[#]} Qg4+ {Played: Re8xe3} 0-1